| 000 | 00607nam a2200205Ia 4500 | ||
|---|---|---|---|
| 003 | GCL | ||
| 008 | 140319s9999 xx 000 0 ara d | ||
| 040 |
_aGCL / _cGCL |
||
| 082 | 0 | 4 |
_a833.03 _bج هـ |
| 100 | 1 | _aطه حسين | |
| 245 | 1 | 0 |
_aهرمن ودروتية / _cطه حسين |
| 700 | 1 | _aمحمد عوض محمد (مترجم) | |
| 700 | 1 | _aجوته، يوهان فولفجانج | |
| 300 | _a144 ص | ||
| 490 | _a | ||
| 650 | 0 | 4 | _aالادب الالمانى المترجم |
| 650 | 0 | 4 | _aالادب العالمى المترجم |
| 650 | 0 | 4 | _aالقصص الالمانية |
| 942 |
_2ddc _cBK |
||
| 999 |
_c40007 _d40007 |
||